| 000 | 01712nam a22001577a 4500 | ||
|---|---|---|---|
| 041 | _aukr | ||
| 080 | _a09 | ||
| 090 | _bМІН | ||
| 100 | _aМінохін І. М. | ||
| 245 | _aПорівняння особливостей лекстко-семантичного поля "війна" в англійській та російській мові на прикладі творів "Звіяні Вітром" М. Мітчелл та "Війна і мир" Л. Толстого | ||
| 260 |
_aОстрог _bКАФ _c2006 |
||
| 300 | _a46 | ||
| 520 |
_aВступ.
Розділ 1. Дослідження лексико-семантичних полів у лінгвістиці.
1.1. Загальна характеристика лексико-семантичних полів.
1.2. Структура лексико-семантичного поля.
Розділ 2. Лексико-семантичне поле "війна".
2.1. Особливості лексико-семантичного поля "війна".
2.2. Семантичне групування лексики семантичного поля "війна".
Розділ 3. Порівняння особливостей лексико-семантичного поля "війна" у художніх творах
3.1. Реалізація лексико-семантичного поля "війна" у романі Маргарет Мітчелл "Звіяні вітром".
3.2. Лексико-семантичні особливості поля "війна" у романі-епопеї "Війна і мир" Льва Толстого.
Висновки. _0лексикологія |
||
| 650 | _aResearch Papers | ||
| 999 |
_c283430 _d283430 |
||
| 942 | _cBK | ||